America, tierra firme : sociologia /
Guardado en:
| Autor Principal: | |
|---|---|
| Formato: | Libro |
| Publicado: |
Santiago De Chile :
Ercilla,
1937
|
| Series: | Coleccion Contemporaneos
|
| Materias: | |
| Etiquetas: |
Agregar Etiqueta
Sin Etiquetas, Sea el primero en etiquetar este registro!
|
| LEADER | 00546nam a22001815a 4500 | ||
|---|---|---|---|
| 001 | EHU.bham024337 | ||
| 003 | AR-BHAM | ||
| 005 | 20130507142728.0 | ||
| 008 | 130507s1937##################000#0#####d | ||
| 082 | 3 | 0 | |a 301.980 |
| 100 | 1 | |a Arciniegas, German | |
| 245 | 1 | 0 | |a America, tierra firme : |b sociologia / |c German Arciniegas |
| 260 | |a Santiago De Chile : |b Ercilla, |c 1937 | ||
| 300 | |a 325 p. | ||
| 490 | 0 | |a Coleccion Contemporaneos | |
| 653 | |a Donacion lejarraga | ||
| 653 | |a Sociologia | ||
| 859 | |a AR-BHAM |b BIB. HUMANIDADES - General |h 301.980 |i AR26 |p 109.02 |t Ej.1 | ||
